Calciatori famosi per ruolo #3 - Statistics

Statistiche generali
  • Questo quiz è stato fatto 107 volte
  • Il punteggio medio è 17 su 20
Statistiche sulle risposte
Hint Extra Hint Risposta % Corretto
Zlatan Ibrahimović Svezia 4) Attaccante
99%
​​​​Karim Benzema Francia 4) Attaccante
96%
Yann Sommer Svizzera 1) Portiere
93%
Cesc Fàbregas Spagna 3) Centrocampista
93%
Virgil van Dijk Paesi Bassi 2) Difensore
92%
İlkay Gündoğan Turchia 3) Centrocampista
91%
René Higuita Colombia 1) Portiere
90%
André Onana Camerun 1) Portiere
90%
Roberto Carlos Brasile 2) Difensore
90%
Diego Godín Uruguay 2) Difensore
89%
Robin van Persie Paesi Bassi 4) Attaccante
89%
​​George Weah Liberia 4) Attaccante
88%
Patrice Evra Francia 2) Difensore
86%
Nemanja Vidić Serbia 2) Difensore
84%
Bastian Schweinsteiger Germania 3) Centrocampista
82%
Paul Scholes Inghilterra 3) Centrocampista
80%
Yaya Toure Costa d'Avorio 3) Centrocampista
80%
Sébastien Frey Francia 1) Portiere
79%
Emilio Butragueño Spagna 4) Attaccante
67%
Andoni Zubizarreta Spagna 1) Portiere
41%
Nessun quiz corrispondente trovato
Distribuzione punteggi
Percentuale di utenti per punteggio
Percentile per numero di risposta
I tuoi punteggi nel tempo
Non hai fatto questo quiz